|
|
|
|
| LEADER |
00000nab a2200000 a 4500 |
| 001 |
vtls000221141 |
| 003 |
SK-MaSNL |
| 005 |
20260305042846.0 |
| 008 |
250422c1985 xo 0 slo |
| 015 |
|
|
|a SNBRB19rr/mm-uuuuu
|
| 035 |
|
|
|a CL0231255
|
| 035 |
|
|
|a urn:nbn:sk:snk-abdmhf
|
| 035 |
|
|
|a (urnnbn)urn:nbn:sk:snk:ar-000nmt
|
| 035 |
|
|
|a (uuid)a9b0591b-c33d-4cbb-92d0-fb778eee0d06
|
| 040 |
|
|
|a SNKBUCL
|b slo
|c SNKBUCL
|e AACR2
|
| 041 |
0 |
|
|a slo
|
| 044 |
|
|
|a xo
|c SK
|
| 080 |
|
|
|a 725.87:553.7.031.2
|2 1981
|
| 080 |
|
|
|a 553.7.031.2
|2 1981
|
| 080 |
|
|
|a 711.455
|2 1981
|
| 100 |
1 |
|
|a Mecková, Viera,
|d 1933-
|4 aut
|
| 245 |
1 |
0 |
|a Rajec - termálne kúpalisko v centre mesta
|c V. Mecková
|
| 300 |
|
|
|b Obr. 4.
|
| 650 |
0 |
7 |
|a termálne kúpaliská
|2 snkbucl
|9 4389
|
| 651 |
|
7 |
|a Rajec (Slovensko)
|2 snkbucl
|9 69415
|
| 655 |
|
7 |
|a články z novín a časopisov
|2 snkbucl
|9 267496
|
| 773 |
0 |
|
|t Projekt
|g Roč. 27, č. 1,4 (1985), s. 20-21
|
| 850 |
|
|
|a Slovenská národná knižnica
|
| 852 |
|
|
|a Slovenská národná knižnica
|
| 954 |
|
|
|a odborná, vedecká literatúra pôvodná (slovenská)
|2 lita
|
| 957 |
|
|
|a 5313
|
| 958 |
|
|
|a article19
|
| 958 |
|
|
|a RK
|
| 958 |
|
|
|a OND
|
| 958 |
|
|
|a EUIPO
|
| 992 |
|
|
|a RBX
|
| 999 |
|
|
|c 3351413
|d 3353343
|